LEADER 01315nam a2200277 u 4500 001 000000057034 003 CaOOAMICUS 005 20070226120535.0 008 010426s2000 it u000 u ita u 020 $a8814081573 035 $a10886606 040 $aPUL$bita 100 1 $aDoria, Giovanni.$0(OLS)http://pul/name/39921 245 12$aI negozi sull'effetto giuridico /$cGiovanni Doria. 260 $aMilano :$bA. Giuffrè,$c2000. 300 $axii, 579 p. ;$c24 cm 490 1 $aUniversità degli Studi di Roma - Tor Vergata. Pubblicazioni della Facoltà di economia. Sezione giuridica ;$v3 650 4$aNegozi giuridici.$0(OLS)http://pul/subject/19298 830 0$aPubblicazioni della Facoltà di economia e commercio (Università degli studi di Roma - Tor Vergata).$pSezione giuridica ;$v3.$0(OLS)http://pul/title/76321 850 $aPUL 852 $aPUL$W1$xDP2 Diritto e Scienze Sociali 3$y110$m346. 4502 DORGI 1$j175209$nBK-PRI$b $qStampati altre collocazioni$B74697$CPULBib$Z2$F74697 $H84719 $81 941 1 $a9 961 $aPrecedente Collocazione: DCiv 53 3 996 $6020$a8814081573$9(OLS)http://pul/number/72008 996 $6245$aI negozi sull'effetto giuridico$9(OLS)http://pul/title/76320 996 $6260$aMilano :$bA. Giuffrè$9(OLS)http://pul/publisher/48096 LEADER 01259nam a2200313 u 4500 001 000000077760 003 CaOOAMICUS 005 20070226123345.0 008 040301s2000 nyu u000 u eng u 020 $a0465037054 035 $a10985681 040 $aPUL$bita 100 1 $aWalzer, Michael,$d1935-$0(OLS)http://pul/name/13099 245 10$aJust and unjust wars :$ba moral argument with historical illustration /$cMichael Walzer. 250 $a[3rd ed.] 260 $a[New York] :$bBasic books,$c2000. 300 $axxvi, 361 p. ;$c20 cm 500 $aComprende indici e note. 504 $aBibliografia in nota. 650 4$aFilosofia e scienze sociali.$0(OLS)http://pul/subject/8503 650 4$aGuerra.$0(OLS)http://pul/subject/2029 850 $aPUL 852 $aPUL$W1$xDP1 Cons. Gen., Altre Classi 1$y22$m44 C 51$j99832$nBK-PRI$b $qStampati$B99832$CPULBib$Z2$F99832 $HPUL92076 $81 941 1 $a8 960 $aConflitti$92029 960 $aConflitti$92029 996 $6020$a0465037054$9(OLS)http://pul/number/101980 996 $6245$aJust and unjust wars :$ba moral argument with historical illustration$9(OLS)http://pul/title/101959 996 $6260$a[New York] :$bBasic books$9(OLS)http://pul/publisher/75214